| 000 | 00440nam a2200169 a 4500 | ||
|---|---|---|---|
| 001 | 0000-9123 | ||
| 003 | ELIB.Books | ||
| 008 | 110520 1986 | ||
| 035 | _a(ELIB.Books)0000-9272 | ||
| 082 |
_a221.8 _bSmi |
||
| 100 | _aSmith, Henry Preserved | ||
| 245 | _aUnderstanding the Old Testament | ||
| 260 |
_bNew Jersey: Rentice - Hall _c1986 |
||
| 650 | _aOld Testament | ||
| 942 |
_2ddc _cBK |
||
| 998 |
_cbat _e2011-05-20 |
||
| 999 |
_c9123 _d9123 |
||